Prepojenie daňovej politiky s trhom práce
Poukázanie na existenciu vzťahu medzi daňovou politikou a trhom práce. Stanovenie nástrojov daňovej politiky. Vplyv prostredníctvom daní na trh práce, nezamestnanosť, ponuku práce. Meranie daňového zaťaženia práce. Daňová politika.
Na minha lista:
| Autor principal: | |
|---|---|
| Formato: | Capítulo de Livro |
| Idioma: | eslovaco |
| Assuntos: | |
| Tags: |
Sem tags, seja o primeiro a adicionar uma tag!
|
MARC
| LEADER | 00000naa$a2200000$$$4500 | ||
|---|---|---|---|
| 001 | 0066319 | ||
| 005 | 20240502071803.6 | ||
| 041 | 0 | |a slo | |
| 044 | |a SK | ||
| 245 | 1 | 0 | |a Prepojenie daňovej politiky s trhom práce |c Denisa Repková |
| 520 | |a Poukázanie na existenciu vzťahu medzi daňovou politikou a trhom práce. Stanovenie nástrojov daňovej politiky. Vplyv prostredníctvom daní na trh práce, nezamestnanosť, ponuku práce. Meranie daňového zaťaženia práce. Daňová politika. | ||
| 610 | 2 | 0 | |a politika daňová |
| 610 | 2 | 0 | |a trh práce |
| 610 | 2 | 0 | |a nezamestnanosť |
| 610 | 2 | 0 | |a zaťaženie daňové |
| 100 | 1 | |a Repková, Denisa, 1983- | |